The story of Surrey in maps (Record no. 113140)

MARC details
000 -LEADER
fixed length control field 00574cam a22001815a 4500
001 - CONTROL NUMBER
control field L154764
008 - FIXED-LENGTH DATA ELEMENTS--GENERAL INFORMATION
fixed length control field 120117s1956 xxk f 000 0 eng d
035 ## - SYSTEM CONTROL NUMBER
System control number (Sirsi) u154764
041 0# - LANGUAGE CODE
Language code of text/sound track or separate title eng
110 2# - MAIN ENTRY--CORPORATE NAME
Corporate name or jurisdiction name as entry element Royal Institution of Chartered Surveyors
Subordinate unit Surrey Branch
9 (RLIN) 846
245 04 - TITLE STATEMENT
Title The story of Surrey in maps
260 ## - PUBLICATION, DISTRIBUTION, ETC.
Place of publication, distribution, etc. [Ipswich
Name of publisher, distributor, etc. W. S. Cowell
Date of publication, distribution, etc. 1956]
300 ## - PHYSICAL DESCRIPTION
Extent 63p.
Dimensions 24cm.
520 ## - SUMMARY, ETC.
Summary, etc. Catalogue of an exhibition held at County Hall, Kingston-upon-Thames from 17-29 September 1956.
651 #4 - SUBJECT ADDED ENTRY--GEOGRAPHIC NAME
Geographic name United Kingdom
Chronological subdivision
690 ## - LOCAL SUBJECT ADDED ENTRY--TOPICAL TERM (OCLC, RLIN)
Topical term or geographic name as entry element Measurement
9 (RLIN) 6256
942 ## - ADDED ENTRY ELEMENTS (KOHA)
Suppress in OPAC 0
Holdings
Withdrawn status Lost status Source of classification or shelving scheme Damaged status Not for loan Home library Current library Shelving location Date acquired Total Checkouts Full call number Barcode Date last seen Copy number Price effective from Koha item type
    Dewey Decimal Classification     Historic collection Historic collection RICS Boxes 17/01/2012   RICS 1956/3 30077114 06/08/2019 1 06/08/2019 Archive